| 000 | 00469nam a2200157 a 4500 | ||
|---|---|---|---|
| 005 | 20210223120819.0 | ||
| 008 | 991125s1947 mx 000 0 spa u | ||
| 035 | _aUPN01000007655 | ||
| 049 | _aCG | ||
| 050 | 4 |
_aF1232 CH8 _bCH87 |
|
| 245 | 0 | 0 |
_aChurubusco : _ben la acción militar del 20 de agosto de 1847. |
| 260 |
_aMéxico : _bINAH, Museo Histórico de Churubusco, _c1947. |
||
| 300 |
_a85 p. : _bil. |
||
| 650 | 4 |
_aCHURUBUSCO, BATALLA DE, 1847 _95118 |
|
| 905 | _aLibro | ||
| 999 |
_c7655 _d7655 |
||